Toutes les personnalités transférées au Panthéon - Statistiques

Statistiques générales
  • Ce quiz a été pris 349 fois
    112 depuis la dernière actualisation
  • Le résultat moyen est 16 sur 86
Statistiques - réponses
Époque Année de transfert Indice Personnalité % Correct
1995 Scientifique Marie Skłodowska-Curie
87%
IIIe République 1885 Écrivain et politique Victor Hugo
85%
Philosophe François Marie Arouet (Voltaire)
82%
Scientifique Pierre Curie
80%
2018 Politique Simone Veil
73%
Ve République 1964 Résistant Jean Moulin
72%
Époux du dessus Antoine Veil
66%
1908 Écrivain Émile Zola
65%
Philosophe Jean-Jacques Rousseau
65%
Politique Jean Rousseau
65%
Résistante Geneviève de Gaulle-Anthonioz
59%
2021 Artiste et résistance Joséphine Baker
59%
2024 Résistant Missak Manouchian (Michel Manouchian)
49%
2002 Écrivain Alexandre Dumas (père)
48%
1794 Révolutionnaire Jean-Paul Marat
45%
1924 Politique Jean Jaurès
41%
Révolution française 1791 Révolutionnaire Honoré Gabriel Riqueti (Mirabeau)
38%
1894 Politique Marie François Sadi Carnot
34%
1996 Écrivain et politique André Malraux
32%
1920 Politique Léon Gambetta
31%
Scientifique, militaire et politique Lazare Carnot
28%
Politique et résistant Jean Zay
27%
1952 Scientifique Louis Braille
23%
Résistante Germaine Tillion
21%
Père du dessus Marc Schœlcher
21%
Politique Victor Schœlcher
21%
1988 Politique et résistant Jean Monnet
20%
1907 Scientifique Marcellin Berthelot
20%
Épouse du dessus Sophie Berthelot
20%
2015 Résistant Pierre Brossolette
18%
Scientifique Nicolas de Condorcet
15%
1987 Politique, juriste et résistant René Cassin
14%
1949 Politique et résistant Félix Éboué
13%
1989 Religieux et politique Henri Jean-Baptiste Grégoire (abbé Grégoire)
13%
Restauration 1829 Architecte Jacques-Germain Soufflot
11%
Explorateur Louis-Antoine de Bougainville
11%
Scientifique Gaspard Monge
10%
2020 Écrivain Maurice Genevoix
10%
IVe République 1948 Scientifique Paul Langevin
10%
1933 Scientifique et politique Paul Painlevé
8%
Médecin et politique Jean-Baptiste Baudin
7%
Juriste et politique Jean-Étienne-Marie Portalis
7%
Ier Empire 1806 Politique François Denis Tronchet
6%
Militaire Gabriel-Louis Caulaincourt
4%
1813 Scientifique Joseph-Louis Lagrange
4%
Révolutionnaire Auguste Marie Henri Picot de Dampierre
3%
Scientifique Jean Baptiste Perrin
3%
1807 Politique Jean-Baptiste-Pierre Bevière
3%
1812 Militaire Jean-Guillaume de Winter
3%
1810 Militaire Louis Charles Vincent Leblond de Saint-Hilaire
3%
1793 Révolutionnaire Louis-Michel Lepeletier de Saint-Fargeau
3%
Médecin et philosophe Pierre Jean Georges Cabanis
3%
1889 Militaire Théophile-Malo Corret de La Tour d’Auvergne
3%
1808 Militaire et politique Antoine-César de Choiseul-Praslin
1%
Militaire François Barthélemy Beguinot
1%
Militaire François Séverin Marceau
1%
Militaire Frédéric-Henry Walther
1%
Religieux Giovanni Battista Caprara
1%
Militaire Hyacinthe-Hugues-Timoléon Cossé
1%
Juriste et politique Jean-Baptiste Papin
1%
Juriste et politique Jean-Baptiste Treilhard
1%
Militaire Jean-Louis-Ebénézer Reynier
1%
Politique Jean-Pierre Sers
1%
Écrivain et politique Louis-Pierre-Pantaléon Resnier
1%
Épouse du dessus Mélinée Manouchain
1%
Militaire Pierre Garnier de Laboissière
1%
Militaire Alexandre-Antoine Hureau de Sénarmont
0%
Militaire Antoine-Jean-Marie Thevenard
0%
Religieux Charles Erskine de Kellie
0%
Explorateur et politique Charles-Pierre Claret de Fleurieu de La Tourette
0%
Politique Claude-Ambroise Régnier
0%
1815 Militaire Claude-Juste-Alexandre-Louis Legrand
0%
Militaire Claude-Louis Petiet
0%
Politique Emmanuel Crétet
0%
1809 Militaire Girolamo-Luigi Durazzo
0%
Religieux Ippolito-Antonio Vincenti-Mareri
0%
Banquier Jean-Frédéric Perregaux
0%
Politique Jean-Ignace Jacqueminot
0%
Militaire Jean-Marie-François Dorsenne-Le Paige
0%
1814 Politique Jean-Nicolas Démeunier
0%
Militaire Jean-Pierre Firmin Malher
0%
Peintre Joseph-Marie Vien
0%
Militaire Justin Bonaventure Morard de Galle
0%
Politique Justin de Viry
0%
Militaire Michel Ordener
0%
1811 Militaire Nicolas-Marie Songis des Courbons
0%
Aucun quiz correspondant
Distribution des résultats
% des personnes avec chaque résultat
Percentile par nombre de réponses
Votre historique - résultats
Vous n’avez pas pris ce quiz depuis la dernière actualisation